000 00625nam a2200253Ia 4500
005 20260121154912.0
008 008 260114s9999 xx 000 0 eng d
020 _a9780429330476
037 _aEBOOK
040 _aCRL
040 _beng
040 _cCRL
041 _2eng
041 _aeng
084 _qCRL
100 _a Andrea Zappalaglio
_91012908
245 4 _aThe Transformation of EU Geographical Indications Law
260 _bTaylor and Francis
260 _c2021
856 _uhttp://www.taylorfrancis.com/books/9780429330476
942 _cEBOOK
999 _c1579727
_d1579727